01543nam a2200361 a 4500001001200000003000800012006001900020007001500039008004100054010001700095020003600112020001800148020002700166040002100193035002100214050002600235082001900261100002800280245012600308260005500434300002400489490010200513504004100615533015200656650002400808650002200832650003500854655002900889700003200918710001700950830008800967856012601055ebr10676167CaPaEBRm u cr cn|||||||||990503s1999 caua sb 000 0 eng d z 99032243  z0520098331 (paper : alk. paper) z9780520098336 z9780520915961 (e-book) aCaPaEBRcCaPaEBR a(OCoLC)77747194414aGC117.C37bG78 1999eb04a551.46/4622211 aGruber, Nicolas,d1968-10aSeasonal carbon cycling in the Sargasso Sea near Bermudah[electronic resource] /cNicolas Gruber and Charles D. Keeling. aBerkeley :bUniversity of California Press,c1999. aviii, 96 p. :bill.1 aBulletin of the Scripps Institution of Oceanography, University of California, San Diego ;vv. 30 aIncludes bibliographical references. aElectronic reproduction.bPalo Alto, Calif. :cebrary,d2013.nAvailable via World Wide Web.nAccess may be limited to ebrary affiliated libraries. 0aSeawaterxAnalysis. 0aCarbonxAnalysis. 0aCarbon cycle (Biogeochemistry) 7aElectronic books.2local1 aKeeling, Charles D.,d1928-2 aebrary, Inc. 0aBulletin of the Scripps Institution of Oceanography, La Jolla, California ;vv. 30.40uhttp://site.ebrary.com/lib/rucke/Doc?id=10676167zAn electronic book accessible through the World Wide Web; click to view